Structured techniques : the basis for case
Αποθηκεύτηκε σε:
| Κύριος συγγραφέας: | |
|---|---|
| Άλλοι συγγραφείς: | |
| Μορφή: | Βιβλίο |
| Γλώσσα: | English |
| Δημοσίευση: |
New Jersey :
Prentice Hall,
c1988
|
| Έκδοση: | Rev. ed. |
| Θέματα: | |
| Ετικέτες: |
Προσθήκη ετικέτας
Δεν υπάρχουν, Καταχωρήστε ετικέτα πρώτοι!
|
MARC
| LEADER | 00000nam a2200000 i 4500 | ||
|---|---|---|---|
| 001 | 1/105310 | ||
| 008 | 000324s1988 eng d | ||
| 020 | |a 0-13-854936-2 | ||
| 035 | |l 10059200 | ||
| 040 | |a GR-MY-UA |b gre |e aacr | ||
| 041 | 0 | |a eng | |
| 082 | 0 | |a 005.113 | |
| 100 | 1 | |a Martin, James |d 1933- | |
| 245 | 1 | 0 | |a Structured techniques : |b the basis for case / |c James Martin, Carma McClure |
| 250 | |a Rev. ed. | ||
| 260 | |a New Jersey : |b Prentice Hall, |c c1988 | ||
| 300 | |a xxviii, 776 σ.; |b εικ. (μερ. έγχρ.); |c 25 εκ. | ||
| 504 | |a Περιέχει βιβλιογραφικές παραπομπές και ευρετήριο | ||
| 650 | 0 | 0 | |a Computer software |x Development. |
| 650 | 0 | 0 | |a Electronic data processing |x Structured techniques. |
| 700 | 1 | |a McClure, Carma L. | |
| 852 | |a INST |b LESVOS |e 20000324 |h 005.113 MAR |p 005100021707 |q 005100021707 |t BK |y 0 | ||
| 901 | |a BIBL1-2000-1 | ||
| 909 | |a Λ |b 071726 | ||
| 920 | |a ΠΑΠΑΣΩΤΗΡΙΟΥ |z 199912 | ||
| 970 | |a ΑΙΒΑΤΖΙΔΟΥ |b ΕΛΕΝΗ |z 2000/03/24 | ||